Three unprinted opuscula of John Wyclif /

Saved in:
Bibliographic Details
Main Author: Thomson, Samuel Harrison, 1895-1975.
Format: Book
Language:English
Published: Cambridge : The Mediaeval Academy of America, 1928.
Subjects:
Tags: Add Tag
No Tags, Be the first to tag this record!
LEADER 00630nam a2200193 a 4500
001 005754756-4
005 20020606163548.3
008 950711s1928 mau 000|0 eng d
035 0 |a ocm32973036 
100 1 |a Thomson, Samuel Harrison,  |d 1895-1975. 
245 1 0 |a Three unprinted opuscula of John Wyclif /  |c S. Harrison Thomson. 
260 |a Cambridge :  |b The Mediaeval Academy of America,  |c 1928. 
300 |a p. [248]-253 ;  |c 27 cm. 
500 |a Offprint: Speculum, v. III, no. 2, April, 1928. 
504 |a Includes bibliographical references. 
600 1 0 |a Wycliffe, John,  |d -1384. 
730 0 |a Speculum. 
988 |a 20020608 
906 |0 MH